00571nam a2200193Ia 4500008004100000020001500041082001300056100002900069245004700098250000600145260002800151300001000179500002400189650002300213700002400236942000700260952009300267999001700360230524s9999 xx 000 0 und d a818845897X a612bPAN aOnkar Nath Pandey942047 0aBiomedical Electronics and Instrumentation a3 aNew DelhibKatsonc2010 a380p; aQuantity Number: 1 aBio-medical942048 aRakesh Kumar923696 cBK 00104070aTATCLbTATCLcGENd2023-05-24l0o612 PANp53902r2023-05-24w2023-05-24yBK c56464d56464